• 首页
  • 本馆介绍
  • 公告通知
  • 最新文献
  • 馆藏检索
  • 电子资源
  • 读者导购
  • 参考咨询
  • 我的图书馆
  • 登录
  • 详细信息显示
  • 放入我的书架
  • 预约/预借图书
  • 作者相关作品
  • 分类相关作品
  • 丛书相关作品
  • 出版社相关作品

书目信息

  • 表格格式
  • 工作单格式
  • 卡片格式
书名: CAPITALIZATION,PUNCTUATION&SPELLING
作者: McDougal,Littell.
分册号:
分册名:
出版地: Evanston :
 
出版社: McDougal,Littell&Company
出版时间: 1978.
页数: 80 p. ;
开本: 26cm.
丛书名:
中图分类号:
科图分类号:
其他分类号: H312
主题词:
电子资源:
000 00434nam 2200145 a 4500
001 E0761288144
005 20070320181612.37
008 070320s1978 00010 eng
020    @a0-88343-356-7.
040    @aPFT@beng
090    @aH312
099    @dH312@ex198
245    @aCAPITALIZATION,PUNCTUATION&SPELLING :@bSkills &Drills.@nLevel C / @cMcDougal,Littell.
260    @aEvanston :@bMcDougal,Littell&Company,@c1978.
300    @a80 p. ;@c26cm.
    
    CAPITALIZATION,PUNCTUATION&SPELLING : : Skills &Drills.. Level C / / McDougal,Littell.-Evanston : : McDougal,Littell&Company, , 1978.
    80 p. ; ; 26cm.
    
    
    ISBN 0-88343-356-7.
    
●
相关链接 在E读中查询图书 在五车中查询图书 在当当中查询图书 在豆瓣中查询图书


正题名:CAPITALIZATION,PUNCTUATION&SPELLING     索取号:H312/x198         预约/预借

序号 登录号 条形码 馆藏地/架位号 状态 备注
1 0003421   300034219   第二样本阅览室/ [索取号:H312/x198] 在馆    
唐山师范学院图书馆 欢迎您!
大连网信软件有限公司© 版权所有